Statistiques concernant Eurovision Junior 2022

Cliquez ici pour prendre le quiz!

Statistiques générales

  • Ce quiz a été pris 65 fois
  • Le résultat moyen est 14 sur 16

Statistiques - réponses

Réponse% Correct
France / France
100%
Espagne / Spain
96%
Arménie / Armenia
94%
Portugal / Portugal
94%
Ukraine / Ukraine
94%
Irlande / Ireland
92%
Italie / Italy
92%
Royaume-Uni / United Kingdom
92%
Pologne / Poland
91%
Albanie / Albania
89%
Pays-Bas / The Netherlands
89%
Géorgie / Georgia
85%
Malte / Malta
83%
Macédoine du Nord / North Macedonia
79%
Serbie / Serbia
79%
Kazakhstan / Kazakhstan
72%

Distribution des résultats

Percentile par nombre de réponses

% des personnes avec chaque résultat

Votre développement - résultats

Vous n’avez pas pris ce quiz